| 000 | 00836cam a22002295i 4500 | ||
|---|---|---|---|
| 999 |
_c58500 _d58500 |
||
| 001 | 19222398 | ||
| 005 | 20220428124229.0 | ||
| 008 | 160809s2016 enka 001 0 eng | ||
| 020 | _a9789385999321 | ||
| 041 | _aeng | ||
| 080 | _a611.018+576 S-62 | ||
| 100 | 1 |
_aSingh, Inderbir. _913692 |
|
| 245 | 1 | 0 |
_aInderbir Singh's textbook of human histology : _bwith colour atlas and practical guide / _cInderbir Singh's; edited by Neelam Vasudeva, Sabita Mishra. |
| 250 | _aEighth edition. | ||
| 264 | 1 |
_aNew Delhi : _bThe Health Sciences Publishers, _c2016. |
|
| 300 |
_a302 p : _bcolor illustrations ; _c24 cm. |
||
| 653 | _aHistology | ||
| 653 | _aჰისტოლოგია | ||
| 700 | 1 |
_aVasudeva, Neelam. _eრედაქტორი _913693 |
|
| 700 | 1 |
_aMishra, Sabita. _eრედაქტორი _913694 |
|
| 942 |
_2udc _cBK |
||